000 00737nam a22002777a 4500
001 BR9606679
003 BR-BrBNA
005 20230928095313.0
007 ta
008 230509b bl.||||| |||| 00| 0 por d
040 _aBR-BrBNA
_bpor
_cBiblioteca Nacional de Agricultura
041 _a(Por)
072 _aF01; F02
_b0600
090 _ 0600 BR9606679
100 1 _aSimao, S.
110 1 _aEscola Superior de Agricultura Luiz de Queiroz, Piracicaba, SP (Brasil)
245 1 _aFruticultura geral
260 3 _aPiracicaba, SP (Brasil):
_c1968.
300 _a100 p.
650 _aFruticultura
650 _aViveiro
650 _aEnxerto
650 _aPratica Cultural
909 _a202309
_bLucia
_c55
_dLucia Elande
942 _cBK
999 _c55769
_d55769